Hỏi, đáp : nghi lễ, phong tục dân gian

محفوظ في:
التفاصيل البيبلوغرافية
مؤلفون آخرون: Đoàn Ngọc Minh Trần Trúc Anh (biên dịch, tuyển chọn.)
التنسيق: كتاب
اللغة:Vietnamese
منشور في: Văn hoá dân tộc 2002
الوسوم: إضافة وسم
لا توجد وسوم, كن أول من يضع وسما على هذه التسجيلة!
Thư viện lưu trữ: Mạng thư viện Đại học Đà Nẵng
LEADER 00741nam a2200253 4500
001 000020747
003 17194
005 20150326100333.0
008 150326s2002 viesd
020 |c 50000 
041 0 |a vie 
082 1 4 |a 390  |b Ho-Đ 
245 1 0 |a Hỏi, đáp : nghi lễ, phong tục dân gian  |c Đoàn Ngọc Minh, Trần Trúc Anh biên dịch, tuyển chọn. 
260 |b Văn hoá dân tộc  |c 2002 
300 |a tr.  |c cm. 
700 1 |a Đoàn Ngọc Minh  |a Trần Trúc Anh  |e biên dịch, tuyển chọn. 
OWN |a LSP 
999 |a From the UDN01 
TYP |a Monograph 
TYP |a Printed language 
980 |a Mạng thư viện Đại học Đà Nẵng